[Event "Arco op 41st"]
[Site "Arco"]
[Date "2019.10.11"]
[Round "8"]
[White "Von Wantoch Rekowski, Markus"]
[Black "Pedersen, Henrik Bolding"]
[Result "0-1"]
[WhiteElo "1972"]
[BlackElo "2147"]
[PlyCount "82"]
[EventDate "2019.10.04"]
[EventType "swiss"]
[EventRounds "9"]
[EventCountry "ITA"]
[SourceTitle "EXT 2020"]
[Source "ChessBase"]
[SourceDate "2019.10.17"]
[SourceVersion "1"]
[SourceVersionDate "2019.10.17"]
[SourceQuality "1"]

1. e4 c5 2. Nc3 g6 3. g3 Bg7 4. Bg2 Nc6 5. d3 Rb8 6. a4 a6 7. Be3 d6 8. Qd2 b5 9. axb5 axb5 10. Nge2 b4 11. Nd1 Nd4 12. 0-0 Qb6 13. f4 Nf6 14. Nf2 0-0 15. f5 Nxe2+ 16. Qxe2 Nd7 17. Ng4 Ne5 18. Bh6 Nxg4 19. Bxg7 c4+ 20. Kh1 Kxg7 21. Qxg4 cxd3 22. cxd3 Qd4 23. Qg5 f6 24. Qd2 Bb7 25. fxg6 hxg6 26. Rf4 Rh8 27. e5 Qxe5 28. Ra7 Bxg2+ 29. Qxg2 Rhc8 30. Qe4 Rc1+ 31. Kg2 Rc2+ 32. Kh1 Qxe4+ 33. Rxe4 Rxb2 34. Rexe7+ Kh6 35. h4 Kh5 36. Re4 g5 37. hxg5 Kxg5 38. Rg7+ Kh6 39. Reg4 Rc8 40. R4g6+ Kh5 41. g4+ Kh4 0-1

[Event "Arco op 41st"]
[Site "Arco"]
[Date "2019.10.09"]
[Round "6"]
[White "Von Wantoch Rekowski, Markus"]
[Black "Pasti, Aron"]
[Result "0-1"]
[WhiteElo "1972"]
[BlackElo "2083"]
[PlyCount "82"]
[EventDate "2019.10.04"]
[EventType "swiss"]
[EventRounds "9"]
[EventCountry "ITA"]
[SourceTitle "EXT 2020"]
[Source "ChessBase"]
[SourceDate "2019.10.17"]
[SourceVersion "1"]
[SourceVersionDate "2019.10.17"]
[SourceQuality "1"]

1. e4 e5 2. Nc3 Nf6 3. g3 d5 4. exd5 Nxd5 5. Bg2 Nb6 6. d3 Nc6 7. Nge2 Bg4 8. h3 Be6 9. Be3 Qd7 10. Ne4 Nd5 11. Bc5 Be7 12. Bxe7 Qxe7 13. Qd2 f5 14. N4c3 Qf7 15. f4 0-0-0 16. 0-0 e4 17. Nxd5 Bxd5 18. Nc3 Nd4 19. Qf2 e3 20. Qxe3 Bxg2 21. Kxg2 Nxc2 22. Qxa7 Nxa1 23. Rxa1 Qe6 24. Qa8+ Kd7 25. Qa4+ Qc6+ 26. Kf2 Qxa4 27. Nxa4 b6 28. Nc3 Kc6 29. Rd1 Kb7 30. d4 c6 31. g4 g6 32. Kf3 b5 33. a3 Rhe8 34. d5 Kb6 35. dxc6 Kxc6 36. Rxd8 Rxd8 37. Ke3 Kc5 38. Ne2 Kc4 39. b3+ Kxb3 40. Nd4+ Rxd4 41. Kxd4 Kxa3 0-1

[Event "Bamberg op 2nd"]
[Site "Bamberg"]
[Date "2019.05.30"]
[Round "2"]
[White "Von Wantoch Rekowski, Markus"]
[Black "Mooser, Stefan"]
[Result "0-1"]
[WhiteElo "1971"]
[BlackElo "2215"]
[PlyCount "40"]
[EventDate "2019.05.29"]
[EventType "swiss"]
[EventRounds "7"]
[EventCountry "GER"]
[SourceTitle "CBM 190 Extra"]
[Source "ChessBase"]
[SourceDate "2019.07.15"]
[SourceVersion "1"]
[SourceVersionDate "2019.07.15"]
[SourceQuality "1"]

1. e4 c5 2. Nc3 a6 3. a4 e6 4. Nf3 Nc6 5. g3 Nf6 6. Bg2 Be7 7. 0-0 d6 8. Re1 0-0 9. h3 Qc7 10. d4 cxd4 11. Nxd4 Bd7 12. Nce2 Rab8 13. Be3 Rfc8 14. c3 Na5 15. b3 g6 16. Qb1 e5 17. Nc2 Nc6 18. Rc1 Be6 19. c4 Qd7 20. Nc3 Bxh3 0-1

[Event "Zuoz Engiadina op 25th"]
[Site "Zuoz"]
[Date "2018.10.09"]
[Round "4"]
[White "Von Wantoch Rekowski, Markus"]
[Black "Moggi, Christoph"]
[Result "1/2-1/2"]
[WhiteElo "1999"]
[BlackElo "1962"]
[PlyCount "73"]
[EventDate "2018.10.06"]
[EventType "swiss"]
[EventRounds "7"]
[EventCountry "SUI"]
[SourceTitle "CBM 186 Extra"]
[Source "ChessBase"]
[SourceDate "2018.08.24"]
[SourceVersion "1"]
[SourceVersionDate "2018.08.24"]
[SourceQuality "1"]

1. e4 c6 2. Nf3 d5 3. exd5 cxd5 4. Ne5 Nf6 5. d4 Nc6 6. c3 e6 7. Nd2 Be7 8. Bd3 0-0 9. 0-0 Bd7 10. Re1 a6 11. a4 Rb8 12. Qe2 b5 13. axb5 axb5 14. Nxd7 Qxd7 15. b4 Bd6 16. Nb3 Ne7 17. Nc5 Bxc5 18. bxc5 b4 19. Bf4 Rb7 20. Ba6 bxc3 21. Bxb7 Qxb7 22. Reb1 Qd7 23. f3 Nf5 24. Qd3 Nh5 25. Be3 e5 26. Qxc3 exd4 27. Bxd4 Nf4 28. Kf2 Qe7 29. Re1 Qh4+ 30. Kg1 Nxg2 31. Kxg2 Nxd4 32. Ra4 Qg5+ 33. Kh1 Ne6 34. Rg4 d4 35. Rxg5 dxc3 36. Rd5 Rc8 37. Rc1 1/2-1/2

[Event "Lignano Sabbiadoro op 1st"]
[Site "Lignano Sabbiadoro"]
[Date "2015.08.02"]
[Round "2.1"]
[White "Kazakov, Mikhail"]
[Black "Von Wantoch Rekowski, Markus"]
[Result "1-0"]
[WhiteElo "2491"]
[BlackElo "1997"]
[PlyCount "53"]
[EventDate "2015.08.01"]
[EventType "swiss"]
[EventRounds "9"]
[EventCountry "ITA"]
[SourceTitle "EXT 2024"]
[Source "ChessBase"]
[SourceDate "2023.10.10"]
[SourceVersion "1"]
[SourceVersionDate "2023.10.10"]
[SourceQuality "1"]

1. d4 Nf6 2. c4 e6 3. a3 d5 4. Nc3 Be7 5. Nf3 0-0 6. Bg5 c5 7. e3 cxd4 8. exd4 Nc6 9. Bd3 dxc4 10. Bxc4 Nd5 11. Be3 a6 12. 0-0 b5 13. Ba2 Nxc3 14. bxc3 Bxa3 15. d5 Ne7 16. dxe6 fxe6 17. Nd4 Bb2 18. Nxe6 Bxe6 19. Bxe6+ Kh8 20. Ra2 Bxc3 21. Qb3 b4 22. Bc5 Rf6 23. Re2 Nc6 24. Rd1 Nd4 25. Bxd4 Bxd4 26. Bd5 Bc5 27. Be6 1-0

[Event "Arco op 33rd"]
[Site "Arco"]
[Date "2011.10.30"]
[Round "9"]
[White "Von Wantoch Rekowski, Markus"]
[Black "Mastroddi, Emiliano"]
[Result "0-1"]
[WhiteElo "1923"]
[BlackElo "2097"]
[PlyCount "118"]
[EventDate "2011.10.22"]
[EventType "swiss"]
[EventRounds "9"]
[EventCountry "ITA"]
[SourceTitle "EXT 2012"]
[Source "ChessBase"]
[SourceDate "2011.11.24"]
[SourceVersion "1"]
[SourceVersionDate "2011.11.24"]
[SourceQuality "1"]

1. e4 c5 2. Nc3 d6 3. g3 Nc6 4. Bg2 g6 5. d3 Bg7 6. f4 e6 7. Nf3 Nge7 8. 0-0 0-0 9. Be3 Nd4 10. Qd2 Rb8 11. Nd1 b5 12. Nh4 Qc7 13. c3 Ndc6 14. d4 cxd4 15. cxd4 Qa5 16. Qxa5 Nxa5 17. b3 Nac6 18. Nf3 d5 19. Ne5 Nb4 20. Rc1 dxe4 21. Bxe4 Nbd5 22. Bf2 Bb7 23. Bg2 Rbc8 24. Rc5 Rxc5 25. dxc5 Bxe5 26. fxe5 Nc6 27. Re1 Ncb4 28. Nc3 a6 29. Nxd5 Bxd5 30. Bxd5 Nxd5 31. a4 bxa4 32. bxa4 Rb8 33. c6 Rc8 34. Rc1 Ne7 35. c7 Nd5 36. Rc6 Rxc7 37. Rxa6 Kf8 38. g4 Nf4 39. Bh4 Rc1+ 40. Kf2 Nd3+ 41. Ke2 Nf4+ 42. Kd2 Rc8 43. Rd6 Ra8 44. Rd8+ Rxd8+ 45. Bxd8 Ke8 46. Bg5 Nd5 47. Ke1 Kd7 48. Kf2 Nc3 49. Kg3 Nxa4 50. Kf4 Nc5 51. Bf6 Kc6 52. Kg5 Ne4+ 53. Kh6 Nxf6 54. exf6 Kd7 55. h4 e5 56. Kg5 Ke6 57. h5 e4 58. hxg6 hxg6 59. Kf4 Kd5 0-1

[Event "Arco op 33rd"]
[Site "Arco"]
[Date "2011.10.29"]
[Round "8"]
[White "Molina, Fabrizio"]
[Black "Von Wantoch Rekowski, Markus"]
[Result "1-0"]
[WhiteElo "2258"]
[BlackElo "1923"]
[PlyCount "59"]
[EventDate "2011.10.22"]
[EventType "swiss"]
[EventRounds "9"]
[EventCountry "ITA"]
[SourceTitle "EXT 2012"]
[Source "ChessBase"]
[SourceDate "2011.11.24"]
[SourceVersion "1"]
[SourceVersionDate "2011.11.24"]
[SourceQuality "1"]

1. Nf3 Nf6 2. c4 c5 3. g3 d5 4. Bg2 Nc6 5. cxd5 Nxd5 6. 0-0 e5 7. d3 Be7 8. Nc3 Nc7 9. Nd2 0-0 10. Nc4 f6 11. f4 Qd7 12. fxe5 Nxe5 13. Nxe5 Qd4+ 14. Kh1 fxe5 15. Rxf8+ Kxf8 16. Qf1+ Kg8 17. Qf3 Rb8 18. Be3 Qd8 19. Qh5 Bf6 20. Bxc5 b6 21. Be3 Be6 22. Be4 g6 23. Qf3 Bg5 24. Rf1 Bxe3 25. Qxe3 Qe7 26. Bg2 Qg7 27. Qe4 b5 28. b4 Rb6 29. Qe3 Qd7 30. Qxe5 1-0

[Event "Arco op 33rd"]
[Site "Arco"]
[Date "2011.10.28"]
[Round "7"]
[White "Von Wantoch Rekowski, Markus"]
[Black "Bonanzinga, Corrado"]
[Result "1-0"]
[WhiteElo "1923"]
[BlackElo "2136"]
[PlyCount "87"]
[EventDate "2011.10.22"]
[EventType "swiss"]
[EventRounds "9"]
[EventCountry "ITA"]
[SourceTitle "EXT 2012"]
[Source "ChessBase"]
[SourceDate "2011.11.24"]
[SourceVersion "1"]
[SourceVersionDate "2011.11.24"]
[SourceQuality "1"]

1. e4 e5 2. Nc3 Nf6 3. Bc4 Bc5 4. d3 Nc6 5. Bg5 h6 6. Bh4 d6 7. Nf3 Bg4 8. h3 Bd7 9. Nd5 g5 10. Nxg5 Nxd5 11. Qh5 Qf6 12. Nf3 Qg6 13. Qxg6 fxg6 14. Bxd5 g5 15. Bg3 Ne7 16. Bb3 Ng6 17. 0-0-0 Rf8 18. d4 exd4 19. Nxd4 Nf4 20. Bxf4 Rxf4 21. f3 Bxd4 22. Rxd4 0-0-0 23. c3 h5 24. Rd5 g4 25. Rxh5 gxh3 26. gxh3 Rxf3 27. h4 Re8 28. Re1 Bc6 29. e5 dxe5 30. Rhxe5 Rd8 31. R5e3 Rf2 32. R3e2 Rf4 33. Rh2 Be4 34. h5 Rh8 35. h6 Kd7 36. Rg1 Ke7 37. Rg7+ Kf6 38. Rxc7 Rf1+ 39. Bd1 Bf3 40. Rd7 Bg4 41. Rd4 Bf5 42. Kd2 Kg5 43. Be2 Rb1 44. Rh5+ 1-0

[Event "Arco op 32nd"]
[Site "Arco"]
[Date "2010.10.22"]
[Round "7"]
[White "Von Wantoch Rekowski, Markus"]
[Black "Galas, Franco"]
[Result "1-0"]
[WhiteElo "1927"]
[BlackElo "1794"]
[PlyCount "71"]
[EventDate "2010.10.16"]
[EventType "swiss"]
[EventRounds "9"]
[EventCountry "ITA"]
[SourceTitle "EXT 2024"]
[Source "ChessBase"]
[SourceDate "2023.10.10"]
[SourceVersion "1"]
[SourceVersionDate "2023.10.10"]
[SourceQuality "1"]

1. e4 c5 2. Nc3 Nc6 3. g3 g6 4. Bg2 Bg7 5. d3 b6 6. f4 e6 7. Nf3 Nge7 8. 0-0 0-0 9. Be3 Rb8 10. d4 cxd4 11. Nxd4 Bb7 12. Ndb5 Ba6 13. a4 f5 14. e5 Rc8 15. Rf2 Na5 16. Nxa7 Rc7 17. Bxb6 Qb8 18. Bxc7 Qxc7 19. Nab5 Bxb5 20. Nxb5 Qc8 21. Qd6 Nec6 22. Qc7 Qe8 23. Nd6 Qe7 24. b4 Nxe5 25. Rd1 Ng4 26. Re2 Nc6 27. Bxc6 g5 28. Qxd7 Qxd7 29. Bxd7 gxf4 30. Bxe6+ Kh8 31. gxf4 Bh6 32. Nf7+ Kg7 33. Nxh6 Kxh6 34. h3 Nf6 35. Bxf5 Rg8+ 36. Rg2 1-0

[Event "Arco op 32nd"]
[Site "Arco"]
[Date "2010.10.21"]
[Round "6"]
[White "Giancotti, Eraldo"]
[Black "Von Wantoch Rekowski, Markus"]
[Result "1-0"]
[WhiteElo "2062"]
[BlackElo "1927"]
[PlyCount "129"]
[EventDate "2010.10.16"]
[EventType "swiss"]
[EventRounds "9"]
[EventCountry "ITA"]
[SourceTitle "EXT 2024"]
[Source "ChessBase"]
[SourceDate "2023.10.10"]
[SourceVersion "1"]
[SourceVersionDate "2023.10.10"]
[SourceQuality "1"]

1. Nc3 e5 2. d4 exd4 3. Qxd4 Nc6 4. Qd3 Nf6 5. Bg5 Be7 6. 0-0-0 d6 7. f3 Nd5 8. Bxe7 Ndxe7 9. e4 Ne5 10. Qb5+ Qd7 11. Qb3 0-0 12. Nh3 Qe6 13. Qxe6 Bxe6 14. Nf4 g5 15. Nxe6 fxe6 16. Nb5 Rac8 17. Nxa7 Ra8 18. Nb5 Rxa2 19. Nxc7 Ra1+ 20. Kd2 Rxd1+ 21. Kxd1 Kf7 22. Be2 N7g6 23. g3 Ke7 24. Rf1 Nc6 25. Bc4 Nd4 26. c3 Rc8 27. cxd4 Rxc7 28. b3 e5 29. Kd2 exd4 30. Kd3 b5 31. Bd5 Ne5+ 32. Kxd4 Rc2 33. f4 gxf4 34. gxf4 Ng4 35. h3 Nf6 36. Bb7 Rd2+ 37. Kc3 Re2 38. Rf3 b4+ 39. Kxb4 Nxe4 40. Bxe4 Rxe4+ 41. Kb5 Ke6 42. Kc6 Rd4 43. f5+ Kf6 44. Kb5 Rd5+ 45. Kc4 Rc5+ 46. Kd4 Rb5 47. Kc3 Rc5+ 48. Kd3 Rb5 49. Kd4 h5 50. h4 Rb4+ 51. Kd5 Rxh4 52. Kxd6 Rh1 53. b4 Rd1+ 54. Kc6 Rc1+ 55. Kb6 h4 56. b5 h3 57. Rxh3 Kxf5 58. Re3 Rb1 59. Ka6 Ra1+ 60. Kb7 Rb1 61. b6 Rb2 62. Kc7 Rc2+ 63. Kb8 Rb2 64. b7 Ra2 65. Rc3 1-0

[Event "Arco op 32nd"]
[Site "Arco"]
[Date "2010.10.19"]
[Round "4"]
[White "Del Nevo, Claudio"]
[Black "Von Wantoch Rekowski, Markus"]
[Result "1/2-1/2"]
[WhiteElo "1859"]
[BlackElo "1927"]
[PlyCount "62"]
[EventDate "2010.10.16"]
[EventType "swiss"]
[EventRounds "9"]
[EventCountry "ITA"]
[SourceTitle "EXT 2024"]
[Source "ChessBase"]
[SourceDate "2023.10.10"]
[SourceVersion "1"]
[SourceVersionDate "2023.10.10"]
[SourceQuality "1"]

1. d4 Nf6 2. Nf3 e6 3. Bg5 Be7 4. Bxf6 Bxf6 5. e3 b6 6. c3 Bb7 7. Bd3 d6 8. Nbd2 e5 9. dxe5 dxe5 10. Qc2 Nd7 11. 0-0-0 Qe7 12. Bf5 g6 13. Be4 0-0-0 14. Bxb7+ Kxb7 15. Qe4+ c6 16. Nb3 Bg7 17. Nfd4 Nb8 18. Nc2 f5 19. Qf3 e4 20. Qe2 Nd7 21. Nb4 Nc5 22. Nxc5+ Qxc5 23. Qa6+ Kb8 24. Qa4 Kb7 25. Qb3 Qe7 26. Qc4 Qc7 27. a4 a5 28. Nc2 Rhe8 29. g3 Qe7 30. h4 h5 31. Rxd8 Rxd8 1/2-1/2

[Event "Arco op 30th"]
[Site "Arco"]
[Date "2008.10.25"]
[Round "8"]
[White "Von Wantoch Rekowski, Markus"]
[Black "Giuriato, Sergio"]
[Result "1/2-1/2"]
[WhiteElo "1922"]
[BlackElo "1967"]
[PlyCount "41"]
[EventDate "2008.10.18"]
[EventType "swiss"]
[EventRounds "9"]
[EventCountry "ITA"]
[SourceTitle "CBM 127 Extra"]
[Source "ChessBase"]
[SourceDate "2009.01.08"]
[SourceVersion "2"]
[SourceVersionDate "2009.01.28"]
[SourceQuality "1"]

1. e4 Nc6 2. Nc3 e5 3. Bc4 Nf6 4. d3 Bc5 5. f4 d6 6. Nf3 Bg4 7. Na4 Bb6 8. Nxb6 axb6 9. c3 0-0 10. 0-0 d5 11. exd5 Nxd5 12. h3 Bxf3 13. Qxf3 Nxf4 14. d4 Na5 15. Bb5 Ng6 16. dxe5 Nb3 17. Bg5 Qxg5 18. axb3 Qxe5 19. Rxa8 Rxa8 20. Qxf7+ Kh8 21. Qf5 1/2-1/2

[Event "Baltic Sea Cup"]
[Site "Bornholm"]
[Date "2008.08.06"]
[Round "10"]
[White "Marzano, Carlo"]
[Black "Von Wantoch Rekowski, Markus"]
[Result "1-0"]
[WhiteElo "2177"]
[BlackElo "1907"]
[PlyCount "29"]
[EventDate "2008.07.29"]
[EventType "swiss"]
[EventRounds "10"]
[EventCountry "DEN"]
[SourceTitle "CBM 125 Extra"]
[Source "ChessBase"]
[SourceDate "2008.09.01"]
[SourceVersion "1"]
[SourceVersionDate "2008.09.01"]
[SourceQuality "1"]

1. Nc3 e5 2. Nf3 Nc6 3. d4 exd4 4. Nxd4 Bc5 5. Be3 Nxd4 6. Bxd4 Bxd4 7. Qxd4 Qf6 8. Qe3+ Qe7 9. Qg3 Nf6 10. Qxc7 0-0 11. 0-0-0 b6 12. e3 Ne8 13. Nd5 Qe6 14. Qd8 Nd6 15. Ne7+ 1-0

[Event "Baltic Sea Cup"]
[Site "Bornholm"]
[Date "2008.08.05"]
[Round "9"]
[White "Von Wantoch Rekowski, Markus"]
[Black "Kristensen, Kaare Hove"]
[Result "1/2-1/2"]
[WhiteElo "1907"]
[BlackElo "2259"]
[PlyCount "71"]
[EventDate "2008.07.29"]
[EventType "swiss"]
[EventRounds "10"]
[EventCountry "DEN"]
[SourceTitle "CBM 125 Extra"]
[Source "ChessBase"]
[SourceDate "2008.09.01"]
[SourceVersion "1"]
[SourceVersionDate "2008.09.01"]
[SourceQuality "1"]

1. e4 c5 2. Nc3 d6 3. g3 Nc6 4. Bg2 g6 5. d3 Bg7 6. f4 e6 7. Nf3 Nge7 8. 0-0 0-0 9. Be3 b6 10. Bf2 d5 11. exd5 exd5 12. d4 Bf5 13. Ne2 c4 14. Ne5 Rc8 15. h3 Be4 16. c3 Bxg2 17. Kxg2 b5 18. g4 f5 19. Bh4 fxg4 20. hxg4 Bf6 21. Bxf6 Rxf6 22. Qe1 Rc7 23. Qh4 Qf8 24. Rh1 Qg7 25. g5 Rf8 26. Ng4 Nf5 27. Qf2 Re7 28. Ng3 Nxg3 29. Kxg3 Re4 30. Rae1 Ne7 31. Rxe4 dxe4 32. Qe2 Nf5+ 33. Kg2 Nd6 34. Kg3 Nf5+ 35. Kg2 Nd6 36. Kg3 1/2-1/2